000 00709cam a2200265 4500500
005 20260329004331.0
041 _afre
042 _adc
100 1 0 _aEltchaninoff, Michel
_eauthor
245 0 0 _aLa fièvre de la ligne Maginot
260 _c2019.
500 _a30
690 _aBarrière
690 _aCochon
690 _aÉpidémie
690 _aEurope
690 _aFrontière
690 _aMur
690 _aPorc
690 _aRégis Debray
690 _aSanglier
690 _aSuidé
786 0 _nPhilosophie magazine | 131 | 7 | 2019-07-01 | p. 11-11 | 1951-1787
856 4 1 _uhttps://shs.cairn.info/magazine-philosophie-magazine-2019-7-page-11?lang=fr&redirect-ssocas=7080
999 _c1832917
_d1832917